El Derecho a la educación /

সংরক্ষণ করুন:
গ্রন্থ-পঞ্জীর বিবরন
প্রধান লেখক: Vargas Salazar, Guillermo
সংস্থা লেখক: UNICEF. Costa Rica
অন্যান্য লেখক: Calvo Vargas, Sergio, Torrico, Lidia, Osorio, Rodolfo, Guendell González, Ludwig, Mata, Alejandrina
বিন্যাস: পাঠ‍্য
প্রকাশিত: San José: UNICEF. Costa Rica
বিষয়গুলি:
ট্যাগগুলো: ট্যাগ যুক্ত করুন
কোনো ট্যাগ নেই, প্রথমজন হিসাবে ট্যাগ করুন!

MARC

LEADER 00000 a a2200000 04500
001 18992
003
040
090 |a 144900  
100 |a Vargas Salazar, Guillermo  
110 |a UNICEF. Costa Rica  
245 |a El Derecho a la educación /  |c Guillermo Vargas Salazar 
260 |a San José:   |b UNICEF. Costa Rica  
300 |a 18 p.  
300 |b **no definido**   |b il.  
650 |a DERECHO A LA EDUCACION  
650 |a POLITICA EDUCATIVA  
650 |a PLANIFICACION DE LA EDUCACION  
650 |a EDUCACION PUBLICA  
650 |a DESARROLLO DE LA EDUCACION  
650 |a ACCESO A LA EDUCACION  
650 |a DESERCION ESCOLAR  
650 |a ASISTENCIA ESCOLAR  
700 |a Calvo Vargas, Sergio  
700 |a Torrico, Lidia  
700 |a Osorio, Rodolfo  
700 |a Guendell González, Ludwig  
700 |a Mata, Alejandrina  
999 |c 7731  |d 7731